000 00396nam a2200157Ia 4500
008 230312s9999||||xx |||||||||||||| ||und||
020 _a0-07-063349-5
082 _a658.4038
_bTAP
100 _aTapscott, Don
245 0 _aBlue Print to the Digital Economics
260 _bMcGraw Hill
_aLondon
_c1998
300 _a410
546 _aEng.
650 _aEngineering
_vnew corporate form
942 _cBK
999 _c513
_d513